Statistiques concernant Top 15 des pays avec les décès de Covid-19 - 13 juin

Cliquez ici pour prendre le quiz!

Statistiques générales

  • Ce quiz a été pris 23 fois
  • Le résultat moyen est 15 sur 20

Statistiques - réponses

pays% Correct
Allemagne
100%
Etats-Unis
100%
France
100%
Espagne
95%
Italie
95%
Brésil
85%
Inde
85%
Royaume-Uni
85%
Canada
80%
Irlande
80%
Russie
80%
Belgique
70%
Mexique
70%
Suède
70%
Suisse
65%
Pays-Bas
60%
Chili
55%
Pérou
45%
Équateur
35%
Iran
35%

Distribution des résultats

Percentile par nombre de réponses

% des personnes avec chaque résultat

Votre développement - résultats

Vous n’avez pas pris ce quiz